000 00544nam a2200181 a 4500
001 6445
003 CO-ViMGA
008 141112s2004 ck r 000 u spa d
040 _aCO-ViMGA
_bspa
_cCO-ViMGA
082 0 4 _a635 G712
100 1 _aGracia López, C
_95227
245 1 0 _aMecanización de los cultivos horticolas /
_cGraci López C. , Palau Martín - Portuges E.
260 _aMadrid :
_bMundi - Prensa,
_c1983
300 _a243 p : il
650 1 4 _aHORTICULTURA
_9513
650 1 4 _aPalau Martín - Portuges, E.
_95228
942 _2ddc
_cBK
999 _c18415
_d18415